Countries with the Lowest Internet Speed - Statistics

General Stats
  • This quiz has been taken 32 times
  • The average score is 9 of 15
Answer Stats
MBPS Country % Correct
0.38 Yemen
100%
0.71 Niger
88%
0.93 Rep. of Congo
82%
0.86 Somalia
82%
0.95 Syria
82%
0.8 Ethiopia
76%
1.03 Cameroon
59%
0.94 Benin
53%
0.88 Djibouti
53%
0.59 Mauritania
47%
0.7 Turkmenistan
47%
0.87 São Tomé & Príncipe
41%
0.45 Timor-Leste
41%
1.02 Burkina Faso
35%
0.51 Equatorial Guinea
29%
No matching quizzes found
Score Distribution
Percent of People with Each Score
Percentile by Number Answered
Your Score History
You have not taken this quiz